Przegląd bibliograficzny czasopismiennictwa ekonomicznego

Na minha lista:
Detalhes bibliográficos
Formato: Periódico
Idioma:polonês
Publicado em: Warszawa Biblioteka Szkoly Glównej Handlowej 2007
Tags: Adicionar Tag
Sem tags, seja o primeiro a adicionar uma tag!

MARC

LEADER 00000nas2a2200000 4500
001 0129834
005 20250617111112.9
022 |a 1234-8872 
041 0 |a pol 
044 |a PL 
245 1 0 |a Przegląd bibliograficzny czasopismiennictwa ekonomicznego 
264 1 |a Warszawa  |b Biblioteka Szkoly Glównej Handlowej  |c 2007